00854nam a2200253Ia 4500003001000000005001700010007000300027008004100030020001800071040003500089041000800124082002200132100002300154245012900177250001800306264002400324300005300348336002700401337003300428338002800461650002800489650002200517700006100539CO-BoRNBP20250605104045.0ta180109s9999 xx 000 0 und d a9783625006282 aCO-BoRNBPbspaerdacCO-BoRNBP aspa0 aR 796.334092 N67m1 aNordmann, Michael,10aLos 1000 mejores futbolistas de todos los tiempos /cMichael Nordmann, Jens Dreisbach ; traducción de Vicenc Prat Baqué. a1a. edición 1aColonia :bNGV;2013 a336 páginas :bfotografías en color ;c30 cm atextobtxt2rdacontent asin mediaciónbn2rdamedia avolumenbnc2rdacarrier04aFutbol - Historia2LEMB00aFutbolistas2LEMB1 aDreisbach, Jens, autor \ Prat Baqué, Vicenc, traductor